Normal view
MARC view
- Bolton, Rick
Entry Personal Name
001 - CONTROL NUMBER
- control field: 46268
003 - CONTROL NUMBER IDENTIFIER
- control field: NUST
005 - DATE AND TIME OF LATEST TRANSACTION
- control field: 20210314133459.0
008 - FIXED-LENGTH DATA ELEMENTS
- fixed length control field: 210314|| aca||aabn | a|a d
040 ## - CATALOGING SOURCE
- Original cataloging agency: NUST
- Transcribing agency: NUST
100 ## - HEADING--PERSONAL NAME
- Personal name: Bolton, Rick
670 ## - SOURCE DATA FOUND
- Source citation: Work cat.: (NUST): Grimes, Galen. 46267, 10 minute guide to the Internet and the World Wide Web /, c1997.
